|
|
|
|
| LEADER |
00000nam a22000007a 4500 |
| 005 |
20190519154443.0 |
| 007 |
cr|||| |||| |
| 008 |
190519s2018 br |||||s|||| 00||0 por d |
| 020 |
|
|
|a 978-85-361-9831-6
|
| 035 |
|
|
|a 23420
|
| 040 |
|
|
|a vLex
|
| 090 |
|
|
|c 8769
|d 8769
|
| 100 |
1 |
|
|a Cremonesi, Andř
|
| 245 |
1 |
0 |
|a Reforma Trabalhista Avanȯ ou Retrocesso?
|h [Recurso electrn̤ico] /
|c Andr ̌Cremonesi, Silvia Nakano
|
| 256 |
|
|
|a Servicio en ln̕ea
|
| 260 |
|
|
|a San Pablo:
|b LTR,
|c 2018
|
| 300 |
|
|
|a 1 recurso electrn̤ico
|
| 500 |
|
|
|a A presente obra nô tem a pretensô de esgotar o assunto, mas apenas e tô somente se prope̳ a discutir vr̀ios temas relacionados ̉Reforma Trabalhista. Foram convidados articulistas de renome do meio trabalhista, objetivando apresentar argumentos contra ou a favor da Reforma. Os articulistas cuidaram de comentar os dispositivos legais alterados pela Lei n. 13.467/2017 abordando a nova redaȯ̂ dos artigos alterados com base na doutrina e na jurisprudn̊cia. Por b̤vio que muitas posiė̳s adotadas poderô ou nô prevalecer tendo em vista a inconstitucionalidade de vr̀ios dispositivos legais apontados em Aė̳s Diretas de Inconstitucionalidade. Ressaltamos que ao tempo de ediȯ̂ desta obra, o Supremo Tribunal Federal j ̀decidiu definitivamente apenas sobre o tema “facultatividade da contribuiȯ̂ sindical” tendo proferido acr̤dô no sentido de que os dispositivos legais que tratam do assunto estô em consonńcia com a Carta Republicana de 1988.
|
| 506 |
1 |
|
|a Disponible solo en los productos indicados
|d vLex Global
|d vLex Global (Academic Edition, excluding Law Schools)
|d vLex Global (U.S. Academic Edition, Law Schools)
|d vLex Global (U.S. Academic Edition, excluding Law Schools)
|d vLex Global (Academic Edition, Law Schools)
|
| 650 |
0 |
4 |
|a Derecho Laboral y Seguridad Social
|z Brasil
|
| 700 |
1 |
|
|a Nakano, Silvia
|
| 740 |
0 |
|
|a vLex Libros (Servicio en ln̕ea)
|
| 856 |
4 |
0 |
|u http://vlex.com/source/reforma-trabalhista-avan-o-ou-retrocesso--23420
|z Acceso restringido
|
| 942 |
|
|
|c BOOK
|
| 999 |
0 |
|
|a Labor law and social security
|